000 01512nam a2200229 a 4500
001 BS0002477
003 BR-BrBNA
005 20230911141247.0
008 230308b |||||||| |||| 00| 0 por d
040 _aBR-BrBNA
_bpor
_cBiblioteca Nacional de Agricultura
041 _apor
072 _aS85
090 _aS85 BS0002477
100 1 _aJeffries, Sabrina.
245 1 _aOne night with a prince /
260 3 _aNova Iorque:
_bPocket Star Books,
_c2005.
300 _a355 p.
520 3 _aProper Lady Christabel, the Marchioness of Haversham, is desperate to regain some letters that could destroy her - so desperate that she pretends to be the mistress of notorious gaming-club owner Gavin Byrne to accompany him to a scandalous house party where she can reclaim them. But when she agreed to let Byrne coach her on how a true mistress behaves, she never suspected how very persuasive his wicked lessons would be. Gavin is secretly determined to find the letters himself and use them for revenge against the noble sire who abandoned him to grow up in London's worst slums. He's also delighted at how very successful his "mistress lessons" are: it won't be long before the luscious young widow is in his bed. But when Christabel catches Gavin in his own seductive net, he faces a difficult choice: to wreak the vengeance he's planned all his life, or to protect the woman he may - to his own astonishment - need more than revenge.,
650 _aLITERATURA AMERICANA
650 _aROMANCE
942 _cBK
_2AGRIS
999 _c7537
_d7537